| 000 | 01012nam a2200193 a 4500 | ||
|---|---|---|---|
| 008 | 120416s1983 ||||||||||||||||| || u | ||
| 050 | _aHD 1386.5 Sta | ||
| 100 | _aStapleton, Tim | ||
| 245 | 1 | 0 | _aPleased to report |
| 260 |
_aLondon _bEstates Gazette _c1983 |
||
| 300 | _ax, 228p. | ||
| 350 | _a0.00 | ||
| 650 | _aVALUATION OF ASSETS | ||
| 650 | _aESTATE | ||
| 995 |
_aANNEX COLLECTION (Main Library) _D0.00 _e726306 _FCBU-MAIN LIBRARY (Kitwe) _H1 _I12.00 _jHD 1386.5 Sta _M2 _UAVAILABLE _y005741 _ZAnnex Low-Usage Collection |
||
| 995 |
_aMAIN LIBRARY OPEN ACCESS _D0.00 _e726305 _FCBU-MAIN LIBRARY (Kitwe) _H4 _I12.00 _jHD 1386.5 Sta _M4 _UAVAILABLE _y017970 _ZMain Library Open Access Collection |
||
| 995 |
_aANNEX COLLECTION (Main Library) _D0.00 _e726308 _FCBU-MAIN LIBRARY (Kitwe) _H3 _I12.00 _jHD 1386.5 Sta _M3 _UAVAILABLE _y004798 _ZAnnex Low-Usage Collection |
||
| 995 |
_aMAIN LIBRARY OPEN ACCESS _D0.00 _e726307 _FCBU-MAIN LIBRARY (Kitwe) _H2 _I12.00 _jHD 1386.5 Sta _M1 _UAVAILABLE _y004799 _ZMain Library Open Access Collection |
||
| 999 |
_c81992 _d81992 |
||